Le Nouveau peuple de Dieu (Record no. 4347)
[ view plain ]
| 000 -LEADER | |
|---|---|
| fixed length control field | 00655nam a2200241Ia 4500 |
| 003 - CONTROL NUMBER IDENTIFIER | |
| control field | 0100 |
| 008 - FIXED-LENGTH DATA ELEMENTS--GENERAL INFORMATION | |
| fixed length control field | 130227s9999 xx 000 0 und d |
| 040 ## - CATALOGING SOURCE | |
| Transcribing agency | ARRUPELIB |
| 050 ## - LIBRARY OF CONGRESS CALL NUMBER | |
| Classification number | BX1746.R36412 |
| 100 ## - MAIN ENTRY--PERSONAL NAME | |
| Personal name | Ratzinger, Joseph |
| 245 ## - TITLE STATEMENT | |
| Title | Le Nouveau peuple de Dieu |
| 260 ## - PUBLICATION, DISTRIBUTION, ETC. (IMPRINT) | |
| Place of publication, distribution, etc | Paris |
| 260 ## - PUBLICATION, DISTRIBUTION, ETC. (IMPRINT) | |
| Name of publisher, distributor, etc | Aubier Montaigne |
| 260 ## - PUBLICATION, DISTRIBUTION, ETC. (IMPRINT) | |
| -- | 1971 |
| 300 ## - PHYSICAL DESCRIPTION | |
| Extent | 191p |
| 300 ## - PHYSICAL DESCRIPTION | |
| Other physical details | 20cm |
| 440 ## - SERIES STATEMENT/ADDED ENTRY--TITLE | |
| Title | Intelligence de la foi |
| 650 ## - SUBJECT ADDED ENTRY--TOPICAL TERM | |
| Topical term following geographic name as entry element | Dawkins, Richard, 1941--God delusion |
| 650 ## - SUBJECT ADDED ENTRY--TOPICAL TERM | |
| Location of event | Hitchens, Christopher God is not great |
| 650 ## - SUBJECT ADDED ENTRY--TOPICAL TERM | |
| Active dates | Harris, Sam, 1967--End of faith |
| 700 ## - ADDED ENTRY--PERSONAL NAME | |
| Personal name | Givord, Robert (tr); Bourboulon, Helene (tr) |
| 942 ## - ADDED ENTRY ELEMENTS (KOHA) | |
| Source of classification or shelving scheme | Library of Congress Classification |
| Koha issues (borrowed), all copies | 1 |
| Withdrawn status | Lost status | Source of classification or shelving scheme | Damaged status | Not for loan | Collection code | Home library | Current library | Shelving location | Date acquired | Total Checkouts | Full call number | Barcode | Date last seen | Date last borrowed | Copy number | Price effective from | Koha item type |
|---|---|---|---|---|---|---|---|---|---|---|---|---|---|---|---|---|---|
| Library of Congress Classification | Main Collection | ARRUPE LIBRARY | ARRUPE LIBRARY | 27/02/2013 | 1 | BX1746.R36412 | 46405786 | 22/11/2017 | 06/03/2014 | 1 | 27/02/2013 | Monograph ( Printed materials) |